000
00313nam a2200121Ia 4500
008
241028s9999 xx 000 0 und d
041
_a
eng
082
_a
332.6 PAR
100
_a
Parameswaran
245
_a
Fundamentals Of Financial Instruments
260
_b
Wiley India
_a
New Delhi
_c
2020
300
_a
496;. P. 22 cm
999
_c
43084
_d
43084